[Event "Alicante Easter op 6th"]
[Site "Alicante"]
[Date "2022.04.17"]
[Round "9"]
[White "Cruz, Jonathan"]
[Black "Hompanera Lopez, Enrique"]
[Result "1-0"]
[WhiteElo "2363"]
[BlackElo "2074"]
[PlyCount "63"]
[EventDate "2022.04.13"]
[EventType "swiss"]
[EventRounds "9"]
[EventCountry "ESP"]
[SourceTitle "CBM 207 Extra"]
[Source "ChessBase"]
[SourceDate "2022.05.31"]
[SourceVersion "1"]
[SourceVersionDate "2022.05.31"]
[SourceQuality "1"]

1. Nf3 Nf6 2. g3 d5 3. Bg2 e6 4. 0-0 Be7 5. b3 c5 6. Bb2 Nc6 7. d3 0-0 8. Nbd2 Qc7 9. e4 dxe4 10. dxe4 Rd8 11. e5 Ne4 12. Qe2 Nxd2 13. Nxd2 Nd4 14. Bxd4 cxd4 15. Nf3 Rd5 16. Rad1 Qd8 17. Rd3 Bc5 18. Rfd1 f6 19. exf6 Qxf6 20. Qe4 Bd7 21. c4 Rd6 22. b4 Bc6 23. Qe1 Bxb4 24. Qxb4 e5 25. Nd2 Rf8 26. Bxc6 Qxf2+ 27. Kh1 Qe2 28. Bf3 Qxd3 29. Qxd6 Rxf3 30. Qd5+ Rf7 31. Rf1 Qg6 32. Qd8+ 1-0

[Event "Xativa Murta op 2nd"]
[Site "Xativa"]
[Date "2016.08.27"]
[Round "9"]
[White "Gomez Ferrer, Jesus"]
[Black "Hompanera Lopez, Enrique"]
[Result "1-0"]
[WhiteElo "2081"]
[BlackElo "2044"]
[PlyCount "103"]
[EventDate "2016.08.22"]
[EventType "swiss"]
[EventRounds "9"]
[EventCountry "ESP"]
[SourceTitle "CBM 174 Extra"]
[Source "ChessBase"]
[SourceDate "2016.10.10"]
[SourceVersion "1"]
[SourceVersionDate "2016.10.10"]
[SourceQuality "1"]

1. e4 c5 2. c4 Nc6 3. g3 Nf6 4. Bg2 g6 5. Nc3 Bg7 6. Nge2 0-0 7. 0-0 d6 8. d3 Bd7 9. h3 a6 10. Kh2 Rb8 11. Be3 b5 12. Qd2 e6 13. Rac1 b4 14. Nd1 a5 15. f4 Re8 16. Nf2 e5 17. fxe5 Nxe5 18. Bh6 Bh8 19. Nf4 Be6 20. Nxe6 fxe6 21. Bg5 Nf7 22. Be3 Ne5 23. b3 a4 24. Rc2 axb3 25. axb3 Nc6 26. Ra2 h5 27. Ra6 Rb6 28. Rfa1 Nd7 29. R1a4 Qc8 30. Qa2 Be5 31. h4 Rxa6 32. Rxa6 Ndb8 33. Ra8 Rf8 34. Nh3 Qb7 35. Ng5 Nd7 36. Rxf8+ Nxf8 37. Qf2 Qe7 38. Bh3 Nd8 39. d4 cxd4 40. Bxd4 Nf7 41. Be3 Bf6 42. Nf3 Ne5 43. Nd4 Nd3 44. Qd2 Nc5 45. Qxb4 Nxe4 46. Bg2 Be5 47. Nf3 Bxg3+ 48. Kg1 Qf6 49. Bd4 e5 50. Be3 Ne6 51. Qb8+ Kg7 52. Qb7+ 1-0

[Event "Xativa Murta op 2nd"]
[Site "Xativa"]
[Date "2016.08.27"]
[Round "8"]
[White "Hompanera Lopez, Enrique"]
[Black "Martinez Lopez, Jose Luis"]
[Result "1-0"]
[WhiteElo "2044"]
[BlackElo "1631"]
[PlyCount "71"]
[EventDate "2016.08.22"]
[EventType "swiss"]
[EventRounds "9"]
[EventCountry "ESP"]
[SourceTitle "CBM 174 Extra"]
[Source "ChessBase"]
[SourceDate "2016.10.10"]
[SourceVersion "1"]
[SourceVersionDate "2016.10.10"]
[SourceQuality "1"]

1. e4 c5 2. b3 d6 3. Bb2 Nc6 4. Bb5 Bd7 5. f4 Nf6 6. Qe2 Nd4 7. Bxd4 cxd4 8. Nf3 Qb6 9. Bxd7+ Nxd7 10. c3 dxc3 11. Nxc3 e6 12. Na4 Qa5 13. 0-0 Be7 14. d4 0-0 15. Nb2 Rac8 16. Nd3 Qh5 17. Rac1 Nf6 18. Nf2 Rfe8 19. Rc2 Rxc2 20. Qxc2 Qb5 21. Rc1 h6 22. a4 Qb6 23. b4 g6 24. b5 Bd8 25. Qd3 Kg7 26. Rc8 Kf8 27. g4 Bc7 28. Rxe8+ Kxe8 29. h4 a6 30. g5 hxg5 31. hxg5 Nd7 32. f5 gxf5 33. exf5 e5 34. g6 fxg6 35. fxg6 d5 36. g7 1-0

[Event "Xativa Murta op 2nd"]
[Site "Xativa"]
[Date "2016.08.25"]
[Round "5"]
[White "Nieves Cabanes, Jose Manuel"]
[Black "Hompanera Lopez, Enrique"]
[Result "1-0"]
[WhiteElo "2227"]
[BlackElo "2044"]
[PlyCount "81"]
[EventDate "2016.08.22"]
[EventType "swiss"]
[EventRounds "9"]
[EventCountry "ESP"]
[SourceTitle "CBM 174 Extra"]
[Source "ChessBase"]
[SourceDate "2016.10.10"]
[SourceVersion "1"]
[SourceVersionDate "2016.10.10"]
[SourceQuality "1"]

1. d4 Nf6 2. c4 c5 3. d5 b5 4. cxb5 a6 5. bxa6 g6 6. Nc3 Bg7 7. e4 0-0 8. a7 Rxa7 9. Nf3 e6 10. Be2 exd5 11. exd5 d6 12. 0-0 Na6 13. Bf4 Nc7 14. h3 Re8 15. Bg5 Bb7 16. Nd2 h6 17. Bh4 Ncxd5 18. Nxd5 Bxd5 19. Nc4 Bc6 20. Bf3 d5 21. Ne3 g5 22. Bg3 Ne4 23. Nf5 Qf6 24. Bxe4 Rxe4 25. Nxg7 Kxg7 26. b3 Qe6 27. Qc2 c4 28. Rfc1 f5 29. bxc4 dxc4 30. f3 Re2 31. Qc3+ Kg6 32. Re1 Rxe1+ 33. Rxe1 Qd5 34. a3 Rd7 35. Bf2 Rd6 36. Re7 Rf6 37. Bd4 Rf7 38. Re5 Qd6 39. Qxc4 Rf6 40. Re1 Qd5 41. Qxd5 1-0

[Event "Mislata op 50th"]
[Site "Mislata"]
[Date "2016.08.10"]
[Round "4"]
[White "Marin Corresa, Arturo"]
[Black "Hompanera Lopez, Enrique"]
[Result "0-1"]
[WhiteElo "2126"]
[BlackElo "2044"]
[PlyCount "124"]
[EventDate "2016.08.08"]
[EventType "swiss"]
[EventRounds "9"]
[EventCountry "ESP"]
[SourceTitle "EXT 2017"]
[Source "ChessBase"]
[SourceDate "2016.10.25"]
[SourceVersion "1"]
[SourceVersionDate "2016.10.25"]
[SourceQuality "1"]

1. e4 c5 2. Nc3 e6 3. Bc4 Nc6 4. Nf3 Nge7 5. a3 g6 6. d3 Bg7 7. 0-0 0-0 8. Bf4 d5 9. Ba2 a6 10. Qd2 b5 11. Rfe1 Bb7 12. Bh6 Nd4 13. Nxd4 cxd4 14. Bxg7 Kxg7 15. Ne2 dxe4 16. dxe4 e5 17. Nc1 Qd6 18. Nd3 Rac8 19. Re2 Rc7 20. Bb3 Nc8 21. f4 f6 22. Rf1 exf4 23. Nxf4 Re7 24. Bd5 Nb6 25. Bxb7 Rxb7 26. c3 d3 27. Qxd3 Rd7 28. Qh3 Re8 29. Qg4 Re5 30. h4 Rde7 31. Kh1 Nc4 32. Rfe1 Qc6 33. Nd3 R5e6 34. Nb4 Qc5 35. Nd5 Re5 36. Qf3 R7e6 37. Rf1 Qc6 38. Nb4 Qd6 39. Nd3 Rh5 40. g3 Ne5 41. Nxe5 Rhxe5 42. Re3 Qc6 43. Rd1 f5 44. Rd4 Rxe4 45. Rdxe4 fxe4 46. Qf4 Qd5 47. b4 h5 48. Kh2 Qd2+ 49. Kh3 Qd1 50. Kg2 Rf6 51. Rxe4 Rxf4 52. Rxf4 Qd2+ 53. Rf2 Qxc3 54. Rf3 Qd2+ 55. Rf2 Qd5+ 56. Rf3 g5 57. hxg5 Kg6 58. Kf2 Qd2+ 59. Kf1 Kxg5 60. Rf4 Qxf4+ 61. gxf4+ Kxf4 62. Kg2 Ke3 0-1

[Event "Mislata op 50th"]
[Site "Mislata"]
[Date "2016.08.09"]
[Round "3"]
[White "Hompanera Lopez, Enrique"]
[Black "Torrijos Garcia, Borja"]
[Result "1-0"]
[WhiteElo "2044"]
[BlackElo "1916"]
[PlyCount "46"]
[EventDate "2016.08.08"]
[EventType "swiss"]
[EventRounds "9"]
[EventCountry "ESP"]
[SourceTitle "EXT 2017"]
[Source "ChessBase"]
[SourceDate "2016.10.25"]
[SourceVersion "1"]
[SourceVersionDate "2016.10.25"]
[SourceQuality "1"]

1. e4 c5 2. b3 d6 3. Bb2 e6 4. f4 Nf6 5. Nc3 Be7 6. Nf3 0-0 7. g3 b6 8. Bg2 Bb7 9. Qe2 a6 10. 0-0 b5 11. e5 dxe5 12. fxe5 Nd5 13. Ne4 Nc6 14. Rf2 Ndb4 15. d3 Rb8 16. Raf1 Nd5 17. Nfd2 Nd4 18. Qh5 Ne3 19. Nf6+ gxf6 20. exf6 Bxf6 21. Rxf6 Nxf1 22. Ne4 Ne2+ 23. Kxf1 Nd4 1-0

[Event "Provincial-ch Valencia Preferente"]
[Site "Valencia"]
[Date "2012.11.10"]
[Round "5"]
[White "Hompanera Lopez, Enrique"]
[Black "Aparisi Arnandis, Bernardo"]
[Result "0-1"]
[WhiteElo "1913"]
[BlackElo "2071"]
[PlyCount "62"]
[EventDate "2012.10.06"]
[EventType "swiss"]
[EventRounds "7"]
[EventCountry "ESP"]
[SourceTitle "EXT 2024"]
[Source "ChessBase"]
[SourceDate "2023.10.10"]
[SourceVersion "1"]
[SourceVersionDate "2023.10.10"]
[SourceQuality "1"]

1. e4 d6 2. d4 g6 3. Nc3 Bg7 4. Be3 Nd7 5. Bc4 c6 6. Nf3 e6 7. 0-0 d5 8. Bb3 Ne7 9. Re1 0-0 10. Bg5 f6 11. Bf4 Nb6 12. e5 f5 13. a4 a5 14. Qd2 Kh8 15. Ne2 Bd7 16. h4 h5 17. Bh6 Ng8 18. Bg5 Qe8 19. Rac1 Kh7 20. Nf4 Nh6 21. c4 dxc4 22. Bxc4 Nxc4 23. Rxc4 Nf7 24. Qe3 Nxg5 25. Nxg5+ Kg8 26. Rc2 Bh6 27. Qg3 Bxg5 28. Qxg5 Kh7 29. Re3 Qf7 30. Rg3 Rg8 31. Nh3 Rad8 0-1

[Event "Provincial-ch Burjassot Preferente"]
[Site "Valencia"]
[Date "2011.10.22"]
[Round "3"]
[White "Tarazona Macivor, Cristobal"]
[Black "Hompanera Lopez, Enrique"]
[Result "1-0"]
[WhiteElo "1745"]
[BlackElo "1905"]
[PlyCount "53"]
[EventDate "2011.10.01"]
[EventType "swiss"]
[EventRounds "7"]
[EventCountry "ESP"]
[SourceTitle "EXT 2024"]
[Source "ChessBase"]
[SourceDate "2023.10.10"]
[SourceVersion "1"]
[SourceVersionDate "2023.10.10"]
[SourceQuality "1"]

1. Nf3 d5 2. g3 Nf6 3. Bg2 e6 4. d3 c5 5. Nbd2 Nc6 6. 0-0 Be7 7. Re1 e5 8. e4 d4 9. Nc4 Qc7 10. a4 0-0 11. Bd2 Be6 12. b3 h6 13. Nh4 Qd7 14. f4 exf4 15. gxf4 Bxc4 16. bxc4 Nxe4 17. Rxe4 Bxh4 18. Qh5 Bf6 19. Kh1 Rfe8 20. Rg1 Qd6 21. Rxe8+ Rxe8 22. Bd5 Nd8 23. Qxh6 Qa6 24. Be4 Re6 25. Qh7+ Kf8 26. f5 Re7 27. Qh8# 1-0

[Event "Provincial-ch Valencia Primera"]
[Site "Valencia"]
[Date "2009.11.14"]
[Round "5"]
[White "Hompanera Lopez, Enrique"]
[Black "Hernandez Blasco, Fco Javier"]
[Result "1-0"]
[WhiteElo "1834"]
[BlackElo "1698"]
[PlyCount "93"]
[EventDate "2009.10.03"]
[EventType "swiss"]
[EventRounds "7"]
[EventCountry "ESP"]
[SourceTitle "EXT 2024"]
[Source "ChessBase"]
[SourceDate "2023.10.10"]
[SourceVersion "1"]
[SourceVersionDate "2023.10.10"]
[SourceQuality "1"]

1. e4 e6 2. d4 d5 3. Nd2 Nf6 4. e5 Nfd7 5. Bd3 c5 6. c3 Nc6 7. Ne2 Qb6 8. Nf3 cxd4 9. cxd4 f6 10. exf6 Nxf6 11. 0-0 Bd6 12. Bf4 Bxf4 13. Nxf4 0-0 14. Re1 e5 15. dxe5 Ng4 16. Qd2 Nxf2 17. Qxf2 Qxf2+ 18. Kxf2 Rxf4 19. g3 Rf7 20. Kg2 Bh3+ 21. Kxh3 Rxf3 22. Bb5 Re8 23. Rad1 a6 24. Ba4 Rf5 25. Rxd5 Rexe5 26. Rexe5 Rxe5 27. Bxc6 Re2 28. Rd8+ Kf7 29. Rd7+ Kf6 30. Rxb7 h5 31. Bf3 Re5 32. Rb6+ Kg5 33. Rxa6 h4 34. b4 Re3 35. Kg2 h3+ 36. Kf2 Rc3 37. Rc6 Ra3 38. Rc2 Ra4 39. b5 Rb4 40. a4 Rxa4 41. b6 Ra1 42. Rb2 Rh1 43. Bxh1 Kg4 44. b7 g5 45. b8Q Kh5 46. Bf3+ g4 47. Qe5+ 1-0

[Event "Provincial-ch Valencia Primera"]
[Site "Valencia"]
[Date "2009.10.03"]
[Round "1"]
[White "Corrales Ucles, Eduardo"]
[Black "Hompanera Lopez, Enrique"]
[Result "0-1"]
[WhiteElo "1845"]
[BlackElo "1834"]
[PlyCount "106"]
[EventDate "2009.10.03"]
[EventType "swiss"]
[EventRounds "7"]
[EventCountry "ESP"]
[SourceTitle "EXT 2024"]
[Source "ChessBase"]
[SourceDate "2023.10.10"]
[SourceVersion "1"]
[SourceVersionDate "2023.10.10"]
[SourceQuality "1"]

1. d4 Nf6 2. Nf3 e6 3. g3 d5 4. Bg2 Nbd7 5. 0-0 Be7 6. c4 b6 7. Nc3 Bb7 8. Bf4 a6 9. Ne5 0-0 10. cxd5 exd5 11. Qb3 c6 12. e4 dxe4 13. Nxe4 Nd5 14. Be3 Qc7 15. Nxd7 Qxd7 16. Nc3 Nxe3 17. fxe3 Bd8 18. Na4 Qc7 19. Rac1 Rc8 20. d5 c5 21. d6 Qd7 22. Nxc5 Rxc5 23. Rxc5 Bxg2 24. Kxg2 bxc5 25. Qd5 Bb6 26. e4 Rd8 27. e5 Rc8 28. Re1 Qc6 29. Qxc6 Rxc6 30. e6 fxe6 31. Rxe6 Kf7 32. Re7+ Kf6 33. Rd7 c4 34. Kf3 Bd4 35. Rc7 Rxd6 36. Rxc4 Bxb2 37. g4 g5 38. Rc5 Be5 39. Rc2 Rd3+ 40. Ke4 Rd4+ 41. Kf3 Rf4+ 42. Ke3 Rxg4 43. Rc6+ Kf5 44. Rxa6 Bxh2 45. Rh6 Bg1+ 46. Kf3 Ra4 47. Rxh7 Rxa2 48. Rf7+ Kg6 49. Rb7 Bd4 50. Rb5 Kh5 51. Kg3 Ra3+ 52. Kg2 Kg4 53. Rb4 Ra2+ 0-1

[Event "Valencia Provincial CA"]
[Site "Valencia"]
[Date "2009.01.31"]
[Round "4.3"]
[White "Chacon Flores, David"]
[Black "Hompanera Lopez, Enrique"]
[Result "1/2-1/2"]
[WhiteElo "2055"]
[BlackElo "1771"]
[PlyCount "86"]
[EventDate "2009.01.10"]
[EventType "team-tourn"]
[EventRounds "4"]
[EventCountry "ESP"]
[SourceTitle "EXT 2011"]
[Source "ChessBase"]
[SourceDate "2010.11.26"]
[SourceVersion "1"]
[SourceVersionDate "2010.11.26"]
[SourceQuality "1"]

1. c4 c5 2. Nc3 Nf6 3. g3 g6 4. Bg2 Bg7 5. d3 Nc6 6. Nf3 d6 7. 0-0 0-0 8. a3 a5 9. Bd2 Rb8 10. Qc1 Bg4 11. Re1 Bxf3 12. exf3 Nd4 13. Qd1 b5 14. cxb5 Nxb5 15. Nxb5 Rxb5 16. Rb1 e6 17. f4 Qb6 18. b4 axb4 19. axb4 d5 20. bxc5 Qxc5 21. Rc1 Qd6 22. Qa4 Qb6 23. Be3 Qb7 24. h3 Ra8 25. Qc2 Rb2 26. Qd1 Raa2 27. Rb1 Ne8 28. Bc5 Bf8 29. Bd4 Rxb1 30. Qxb1 Qxb1 31. Rxb1 Ra8 32. Bf1 Bg7 33. Bc5 Rc8 34. d4 Bf8 35. Rc1 Nd6 36. Bd3 Rc7 37. Ra1 Rc8 38. Ra7 Ne4 39. Bxf8 Kxf8 40. Bxe4 dxe4 41. Kf1 Rc4 42. Ke2 Rxd4 43. Ke3 Rb4 1/2-1/2